| 000 | 00615nam a22001937a 4500 | ||
|---|---|---|---|
| 999 |
_c21214 _d21214 |
||
| 003 | AR-CdUCM | ||
| 008 | 190313b ||||| |||| 00| 0 spa d | ||
| 040 |
_aMUNICIPALIDAD PROVINCIAL DEL CUSCO _cBIBLIOTECA MUNICIPAL DEL CUSCO |
||
| 082 |
_a869.56 / R63 _bR63 |
||
| 100 |
_aRíos Zamalloa, Jorge _92949 |
||
| 245 |
_aUna flor roja sobre el océano / _cJorge Ríos Zamalloa |
||
| 260 |
_aCusco : _bWamanpuma ; _c2017. |
||
| 300 |
_a121 páginas ; _c20 cm. |
||
| 650 |
_aLiteratura cusqueña _944303 |
||
| 650 |
_aLiteratos cusqueños _944145 |
||
| 650 |
_aSiglo XXI _944304 |
||
| 942 |
_2ddc _cLIBROS |
||
| 945 | _aRoel | ||